| 000 | 00381nam a22001457a 4500 | ||
|---|---|---|---|
| 003 | NUST - PNEC | ||
| 005 | 20170116181121.0 | ||
| 008 | 151005b xxu||||| |||| 00| 0 eng d | ||
| 040 | _cLIBRARY | ||
| 082 | _a623.81 MUN | ||
| 100 |
_911996 _a Munro-Smith, R |
||
| 245 |
_aApplied naval architecture _cMunro, Smith, R. |
||
| 650 |
_95453 _aNaval architecture _xME |
||
| 942 |
_2ddc _cBK |
||
| 999 |
_c69588 _d69588 |
||